[Event "5eme Open International de La Fere"]
[Site "La Fere (FRA)"]
[Date "2006.07.12"]
[Round "6.35"]
[White "Lepere, Corentin"]
[Black "Casier, Remi"]
[Result "0-1"]
[WhiteElo "1520"]
[BlackElo "1833"]
[PlyCount "68"]
[EventDate "2006.07.12"]

1. c4 c5 2. g3 g6 3. Bg2 Bg7 4. Nc3 Nc6 5. e3 Nf6 6. Nge2 O-O 7. d4 cxd4 8.
exd4 d6 9. O-O Bf5 10. a3 a5 11. Be3 Ng4 12. Qa4 Rc8 13. b4 axb4 14. axb4 Bd3
15. b5 Nb8 16. Bxb7 Rxc4 17. Qb3 Qc7 18. Bd5 Rxc3 19. Nxc3 Bxf1 20. Rxf1 Nd7
21. h3 Nxe3 22. fxe3 e6 23. Bg2 d5 24. Kf2 Nb6 25. Na4 Nc4 26. Rc1 Qa5 27. Nc3
Rb8 28. Rc2 Bh6 29. Re2 Qd8 30. Bf3 Qb6 31. h4 Nd6 32. Rb2 Nf5 33. Re2 Qd6 34.
Kg1 Bxe3+ 0-1

[Event "5eme Open International de La Fere"]
[Site "La Fere (FRA)"]
[Date "2006.07.12"]
[Round "6.36"]
[White "Bouguettouche, Didier"]
[Black "Nicolas, Aurelien"]
[Result "0-1"]
[WhiteElo "1510"]
[BlackElo "1824"]
[PlyCount "60"]
[EventDate "2006.07.12"]

1. e4 e5 2. Bc4 Nf6 3. d3 h6 4. Nf3 Nc6 5. Nc3 d6 6. Be3 Na5 7. Bb3 Nxb3 8.
axb3 b6 9. O-O Bb7 10. Re1 Qd7 11. Nd2 Be7 12. f3 O-O 13. Ne2 Nh5 14. Nf1 f5
15. Neg3 Nxg3 16. Nxg3 f4 17. Nf5 fxe3 18. Rxe3 Bg5 19. f4 exf4 20. Rh3 Qf7 21.
Qg4 Bc8 22. Rf1 Bxf5 23. exf5 Qxf5 24. Qd1 Qg6 25. c4 Rae8 26. Rff3 Re3 27. d4
Rfe8 28. d5 Re1+ 29. Qxe1 Rxe1+ 30. Kf2 Qe4 0-1

[Event "5eme Open International de La Fere"]
[Site "La Fere (FRA)"]
[Date "2006.07.12"]
[Round "6.37"]
[White "Bronner, Daniel"]
[Black "Turlin, Simon"]
[Result "0-1"]
[WhiteElo "1811"]
[BlackElo "1490"]
[PlyCount "70"]
[EventDate "2006.07.12"]

1. Nf3 e6 2. c4 Nf6 3. d4 c6 4. Nc3 d5 5. c5 g6 6. Bg5 Bg7 7. e3 Nbd7 8. Be2
O-O 9. O-O Re8 10. Bf4 b6 11. b4 Bb7 12. Qb3 Rb8 13. Bxb8 Qxb8 14. Rab1 e5 15.
cxb6 axb6 16. dxe5 Nxe5 17. Nxe5 Rxe5 18. Bf3 Rg5 19. Rfe1 d4 20. Ne4 Nxe4 21.
Bxe4 c5 22. Bxb7 Qxb7 23. g3 dxe3 24. Rxe3 Bd4 25. Re8+ Kg7 26. Qc2 Qf3 27.
bxc5 bxc5 28. Rb3 Qg4 29. Rb4 Qf5 30. Re2 Qh3 31. Qd3 Rh5 32. Rc2 Qxh2+ 33. Kf1
Qh1+ 34. Ke2 Re5+ 35. Kd2 Qe1# 0-1

[Event "5eme Open International de La Fere"]
[Site "La Fere (FRA)"]
[Date "2006.07.12"]
[Round "6.39"]
[White "Belloc, Sidonie"]
[Black "Beltri, Gilles"]
[Result "1/2-1/2"]
[WhiteElo "1771"]
[BlackElo "1400"]
[PlyCount "34"]
[EventDate "2006.07.12"]

1. e4 e6 2. d4 d5 3. e5 c5 4. c3 Nc6 5. Nf3 Qb6 6. Be2 f6 7. O-O fxe5 8. dxe5
Nge7 9. Re1 c4 10. b3 Ng6 11. bxc4 Bc5 12. Rf1 Ngxe5 13. cxd5 O-O 14. h3 exd5
15. Qxd5+ Be6 16. Qe4 Bf5 17. Qd5+ Be6 1/2-1/2

[Event "5eme Open International de La Fere"]
[Site "La Fere (FRA)"]
[Date "2006.07.12"]
[Round "6.40"]
[White "Gressent, Cedric"]
[Black "Casier, Fabrice"]
[Result "1/2-1/2"]
[WhiteElo "1680"]
[BlackElo "1891"]
[PlyCount "57"]
[EventDate "2006.07.12"]

1. f4 b6 2. e4 Bb7 3. d3 e6 4. g3 d5 5. Qe2 dxe4 6. dxe4 Nf6 7. Bg2 Nc6 8. Be3
Be7 9. Nd2 Nd4 10. Bxd4 Qxd4 11. c3 Qd7 12. e5 Bxg2 13. Qxg2 Qd5 14. Qxd5 Nxd5
15. Ne2 Ne3 16. Rc1 O-O 17. Kf2 Nf5 18. Nd4 Nxd4 19. cxd4 c5 20. dxc5 Bxc5+ 21.
Ke2 Rfd8 22. Ne4 Rd5 23. Nxc5 bxc5 24. Rhd1 Rc8 25. Rxd5 exd5 26. b3 Kf8 27.
Rd1 Rd8 28. Rc1 Rc8 29. Rd1 1/2-1/2

[Event "5eme Open International de La Fere"]
[Site "La Fere (FRA)"]
[Date "2006.07.12"]
[Round "6.41"]
[White "Nicolas, Christian"]
[Black "Pierret, Aralia"]
[Result "0-1"]
[WhiteElo "1850"]
[BlackElo "1640"]
[PlyCount "46"]
[EventDate "2006.07.12"]

1. e4 e5 2. f4 d6 3. Nf3 Nd7 4. Bc4 Be7 5. O-O Ngf6 6. d3 O-O 7. Nc3 c6 8. fxe5
dxe5 9. h3 Qc7 10. Qe1 Nh5 11. Kh1 Nc5 12. Ne2 b5 13. Bb3 Nxb3 14. axb3 f5 15.
exf5 Bxf5 16. g4 e4 17. Nfd4 exd3 18. Nxf5 dxe2 19. Qxe2 Ng3+ 20. Nxg3 Qxg3 21.
Qg2 Rxf1+ 22. Qxf1 Rf8 23. Qg2 Qe1+ 0-1

[Event "5eme Open International de La Fere"]
[Site "La Fere (FRA)"]
[Date "2006.07.12"]
[Round "6.42"]
[White "Lucas, Bernard"]
[Black "Roux, Jean-Francois"]
[Result "0-1"]
[WhiteElo "1830"]
[BlackElo "1630"]
[PlyCount "88"]
[EventDate "2006.07.12"]

1. d4 d5 2. c4 c6 3. Nc3 Nf6 4. Bg5 Nbd7 5. e3 Qa5 6. Nf3 Ne4 7. Qc2 Nxg5 8.
Nxg5 Nf6 9. Nf3 e6 10. Bd3 dxc4 11. Bxc4 b5 12. Bb3 Ba6 13. Ne5 Rc8 14. Nd3 c5
15. dxc5 Bxc5 16. O-O O-O 17. Rfd1 Be7 18. a3 Ne4 19. Nb4 Nxc3 20. bxc3 Bb7 21.
Rdc1 Bf6 22. Qb2 Rfd8 23. a4 Qc7 24. Na2 Qc6 25. f3 bxa4 26. Bxa4 Qc7 27. Rcb1
Bd5 28. Bb3 Rb8 29. Qc2 Qc5 30. Kf2 Bxb3 31. Rxb3 Rxb3 32. Qxb3 Rd2+ 33. Kf1
Qd6 34. Kg1 g6 35. Nb4 a5 36. Nc2 Rd1+ 37. Rxd1 Qxd1+ 38. Kf2 Qd2+ 39. Kg3 Bxc3
40. Qa4 h5 41. h4 Qd6+ 42. f4 Qd1 43. Kh2 Be1 44. g3 Qe2+ 0-1

[Event "5eme Open International de La Fere"]
[Site "La Fere (FRA)"]
[Date "2006.07.12"]
[Round "6.43"]
[White "Swiercz, Sonia"]
[Black "Pavillon, Guillaume"]
[Result "1/2-1/2"]
[WhiteElo "1707"]
[BlackElo "1790"]
[PlyCount "41"]
[EventDate "2006.07.12"]

1. e4 e6 2. d4 d5 3. Nc3 Nf6 4. e5 Nfd7 5. Nge2 c5 6. f4 Nc6 7. Be3 Be7 8. g3
a6 9. Bg2 O-O 10. O-O cxd4 11. Nxd4 Nxd4 12. Bxd4 f6 13. exf6 Bxf6 14. Bxf6
Qxf6 15. Kh1 Nb8 16. Rb1 Nc6 17. f5 exf5 18. Bxd5+ Kh8 19. Ne4 Qe7 20. Nc3 Qf6
21. Ne4 1/2-1/2

[Event "5eme Open International de La Fere"]
[Site "La Fere (FRA)"]
[Date "2006.07.12"]
[Round "6.44"]
[White "Dernoncourt, Christophe"]
[Black "Brobecker, Alain"]
[Result "0-1"]
[WhiteElo "1650"]
[BlackElo "1763"]
[PlyCount "86"]
[EventDate "2006.07.12"]

1. e4 d6 2. d4 Nf6 3. Nc3 g6 4. Bc4 Bg7 5. Be3 O-O 6. Nge2 Nxe4 7. Qd3 Nxc3 8.
Qxc3 d5 9. Bd3 Nd7 10. Qa5 c6 11. Qxd8 Rxd8 12. g4 Nf6 13. f3 Re8 14. O-O-O e5
15. dxe5 Rxe5 16. Bf4 Re7 17. h4 h5 18. gxh5 Nxh5 19. Bg5 Re5 20. Nf4 Rxg5 21.
hxg5 Nxf4 22. Bf1 Bf5 23. Rh4 Nh5 24. Bd3 Bxd3 25. Rxd3 Re8 26. f4 Re4 27. Rf3
Bd4 28. c3 Be3+ 29. Kc2 Bxf4 30. Rg4 Re5 31. Rgxf4 Nxf4 32. Rxf4 Rxg5 33. Ra4
a6 34. Rb4 b5 35. Kd3 Re5 36. a3 f5 37. Rf4 Re4 38. Rf3 Kg7 39. Rf2 Kf6 40. Rg2
g5 41. Rg3 f4 42. Rg2 c5 43. b3 Re3+ 0-1

[Event "5eme Open International de La Fere"]
[Site "La Fere (FRA)"]
[Date "2006.07.12"]
[Round "7.1"]
[White "Clery, Nicolas"]
[Black "Nevednichy, Vladislav"]
[Result "0-1"]
[WhiteElo "2278"]
[BlackElo "2576"]
[PlyCount "126"]
[EventDate "2006.07.12"]

1. d4 g6 2. c4 Bg7 3. e4 c5 4. d5 d6 5. Nc3 e6 6. Nf3 Ne7 7. Qa4+ Bd7 8. Qb3 b6
9. Nb5 Bxb5 10. Qxb5+ Qd7 11. Qxd7+ Nxd7 12. Bd3 h6 13. O-O g5 14. h3 Ng6 15.
g3 Ke7 16. Rb1 a6 17. a3 Rhb8 18. a4 Rg8 19. Kh2 Nge5 20. Nxe5 Bxe5 21. Be3 Bd4
22. Bd2 h5 23. Kg2 h4 24. g4 Be5 25. b3 Bf4 26. Bc3 Ne5 27. Bxe5 Bxe5 28. Rfe1
Bd4 29. Rbd1 Kf6 30. Bf1 Ke5 31. Bd3 Rg6 32. f4+ gxf4 33. Kf3 Rgg8 34. Re2 Be3
35. Rc2 Ra7 36. Re2 exd5 37. exd5 Rg5 38. Rc2 Ra8 39. Re2 Rag8 40. Rg2 Kf6 41.
Re2 Re5 42. Ra1 Rge8 43. Raa2 Bc1 44. Rxe5 Kxe5 45. Re2+ Be3 46. Bf5 Kd4 47.
Rc2 Rg8 48. Be4 Rb8 49. Bf5 b5 50. cxb5 axb5 51. a5 Ra8 52. Ra2 Kc3 53. Bc2 Ra6
54. g5 Kb4 55. Kg4 f3 56. Kxf3 Bxg5 57. Ke4 Rxa5 58. Rxa5 Kxa5 59. Bd1 Kb4 60.
Kd3 c4+ 61. bxc4 bxc4+ 62. Kc2 Kc5 63. Bf3 Kd4 0-1

[Event "5eme Open International de La Fere"]
[Site "La Fere (FRA)"]
[Date "2006.07.12"]
[Round "7.2"]
[White "Ninov, Nikolai"]
[Black "Tirard, Hugo"]
[Result "0-1"]
[WhiteElo "2517"]
[BlackElo "2453"]
[PlyCount "100"]
[EventDate "2006.07.12"]

1. e4 c5 2. Nf3 Nc6 3. d4 cxd4 4. Nxd4 Nf6 5. Nc3 e5 6. Ndb5 d6 7. Bg5 a6 8.
Na3 b5 9. Bxf6 gxf6 10. Nd5 Bg7 11. Qf3 f5 12. exf5 Nd4 13. Qg4 Kf8 14. Bd3 h5
15. Qd1 Nxf5 16. c3 Ne7 17. Be4 Rb8 18. Nc2 f5 19. Nxe7 Qxe7 20. Bd5 Bd7 21.
O-O Rh6 22. Qe2 Qg5 23. f4 exf4 24. Qf2 Re8 25. Qxf4 Qxf4 26. Rxf4 Re2 27. Rf2
Rxf2 28. Kxf2 a5 29. Rd1 Be5 30. h3 Rh7 31. Nd4 h4 32. Ke2 Ke7 33. Rf1 Bxd4 34.
cxd4 Be6 35. Bxe6 Kxe6 36. Rf4 Rc7 37. Kd3 Rg7 38. Rf2 Rg3+ 39. Ke2 b4 40. b3
Rc3 41. Kd2 Rg3 42. Ke2 Kf6 43. Ke1 Kg5 44. Rc2 Kf4 45. Kf2 Rd3 46. d5 Rxd5 47.
Rc4+ Kg5 48. Rc6 Rd2+ 49. Kf1 Rxa2 50. Rxd6 a4 0-1

[Event "5eme Open International de La Fere"]
[Site "La Fere (FRA)"]
[Date "2006.07.12"]
[Round "7.3"]
[White "Cappon, John"]
[Black "Gozzoli, Yannick"]
[Result "0-1"]
[WhiteElo "2231"]
[BlackElo "2470"]
[PlyCount "60"]
[EventDate "2006.07.12"]

1. e4 c5 2. Nf3 Nc6 3. Bb5 d6 4. O-O Bd7 5. c3 Nf6 6. Re1 a6 7. Bf1 Bg4 8. h3
Bxf3 9. Qxf3 g6 10. d3 Rc8 11. a4 Bg7 12. Na3 O-O 13. Qd1 Nd7 14. f4 Rb8 15.
Nc2 b5 16. d4 e5 17. dxe5 dxe5 18. Qd6 Qc8 19. axb5 axb5 20. f5 c4 21. Ne3 Rd8
22. Qd1 Nc5 23. Qf3 Rd6 24. g4 Nb3 25. Rb1 Bh6 26. Nxc4 bxc4 27. Bxh6 gxf5 28.
g5 Nd2 29. Qh5 Nxb1 30. Bxc4 Nd8 0-1

[Event "5eme Open International de La Fere"]
[Site "La Fere (FRA)"]
[Date "2006.07.12"]
[Round "7.4"]
[White "Bagaturov, Giorgi"]
[Black "Olarasu, Gabriela"]
[Result "1-0"]
[WhiteElo "2461"]
[BlackElo "2222"]
[PlyCount "75"]
[EventDate "2006.07.12"]

1. d4 Nf6 2. Nf3 g6 3. Bf4 Bg7 4. e3 O-O 5. Be2 d6 6. h3 Nbd7 7. O-O e6 8. c4
Qe7 9. Nc3 e5 10. Bh2 e4 11. Nd2 Re8 12. b4 Nf8 13. Qc2 c6 14. d5 h5 15. Rfd1
Bf5 16. dxc6 bxc6 17. Nb3 d5 18. b5 dxc4 19. Nd4 cxb5 20. Nxf5 gxf5 21. Nxb5
Nd5 22. Rac1 Red8 23. Bxc4 Nb6 24. Bb3 Rac8 25. Qe2 Rxc1 26. Rxc1 a6 27. Rc7
Qf6 28. Bxf7+ Qxf7 29. Rxf7 Kxf7 30. Qxh5+ Ke7 31. Nd4 Bxd4 32. exd4 Rxd4 33.
Be5 Rd5 34. Qg5+ Ke8 35. Bg7 Nfd7 36. h4 Kf7 37. h5 f4 38. Qg6+ 1-0

[Event "5eme Open International de La Fere"]
[Site "La Fere (FRA)"]
[Date "2006.07.12"]
[Round "7.5"]
[White "Riff, Jean-Noel"]
[Black "Gladyszev, Oleg"]
[Result "1/2-1/2"]
[WhiteElo "2444"]
[BlackElo "2457"]
[PlyCount "26"]
[EventDate "2006.07.12"]

1. e4 c5 2. Nf3 Nc6 3. Bb5 g6 4. O-O Bg7 5. Nc3 Nf6 6. h3 O-O 7. Re1 Ne8 8. d3
Nc7 9. Bc4 Nd4 10. Nxd4 cxd4 11. Ne2 b5 12. Bb3 d5 13. Ng3 a5 1/2-1/2

[Event "5eme Open International de La Fere"]
[Site "La Fere (FRA)"]
[Date "2006.07.12"]
[Round "7.7"]
[White "Zimmerman, Yuri"]
[Black "Maupin, Valerie"]
[Result "1-0"]
[WhiteElo "2374"]
[BlackElo "2007"]
[PlyCount "57"]
[EventDate "2006.07.12"]

1. d4 d5 2. c4 e6 3. Nf3 Nf6 4. g3 Nbd7 5. Bg2 c6 6. Qc2 Bd6 7. Nbd2 O-O 8. O-O
Re8 9. b3 e5 10. cxd5 cxd5 11. dxe5 Nxe5 12. Bb2 Nxf3+ 13. Nxf3 Ne4 14. Rad1
Be6 15. Nd4 Rc8 16. Qd3 Nc5 17. Nxe6 fxe6 18. Qd4 Bf8 19. Rc1 Qg5 20. Rc2 Be7
21. Ba3 Bf6 22. Qf4 Qxf4 23. gxf4 Na6 24. Rfc1 Rcd8 25. Rd1 Be7 26. Bb2 Bd6 27.
f5 Nb4 28. Rcd2 exf5 29. a3 1-0

[Event "5eme Open International de La Fere"]
[Site "La Fere (FRA)"]
[Date "2006.07.12"]
[Round "7.9"]
[White "Houriez, Clement"]
[Black "Achereiner, Guillaume"]
[Result "1/2-1/2"]
[WhiteElo "2125"]
[BlackElo "1975"]
[PlyCount "42"]
[EventDate "2006.07.12"]

1. e4 e6 2. d4 d5 3. Nc3 Nf6 4. Bg5 Bb4 5. e5 h6 6. Bd2 Bxc3 7. bxc3 Ne4 8. Qg4
Kf8 9. h4 c5 10. Bd3 Nxd2 11. Kxd2 Nc6 12. Rh3 c4 13. Be2 b5 14. Qf4 Bd7 15.
Bh5 Be8 16. a3 a5 17. g4 Kg8 18. g5 hxg5 19. hxg5 g6 20. Bg4 Rxh3 21. Bxh3 b4
1/2-1/2

[Event "5eme Open International de La Fere"]
[Site "La Fere (FRA)"]
[Date "2006.07.12"]
[Round "7.10"]
[White "Deneuville, Ludovic"]
[Black "Waquet, Frederic"]
[Result "0-1"]
[WhiteElo "2009"]
[BlackElo "2080"]
[PlyCount "76"]
[EventDate "2006.07.12"]

1. e4 e6 2. d4 d5 3. Nc3 Bb4 4. e5 Ne7 5. a3 Bxc3+ 6. bxc3 c5 7. Nf3 b6 8. a4
Ba6 9. Bxa6 Nxa6 10. Ba3 Qc7 11. Qd3 Nb8 12. O-O Nd7 13. Ra2 Rc8 14. Rfa1 cxd4
15. cxd4 Qc4 16. Qd2 h6 17. a5 b5 18. Ne1 Nf5 19. c3 f6 20. exf6 gxf6 21. Qe2
Qxe2 22. Rxe2 Kf7 23. Bb4 Rc4 24. Nf3 Nb8 25. Kf1 Na6 26. Nd2 Rc6 27. Rb1 Rhc8
28. g4 Nh4 29. Rbe1 Ng6 30. Re3 Nxb4 31. cxb4 Nf8 32. Nb3 Rc4 33. Nc5 Rc6 34.
Nb7 Ke7 35. Rh3 Rxd4 36. Rxh6 Rxg4 37. Nc5 Rxb4 38. Nd3 Rd4 0-1

[Event "5eme Open International de La Fere"]
[Site "La Fere (FRA)"]
[Date "2006.07.12"]
[Round "7.11"]
[White "Delorme, Laurie"]
[Black "Feryn, Alexandre"]
[Result "1-0"]
[WhiteElo "2068"]
[BlackElo "1877"]
[PlyCount "57"]
[EventDate "2006.07.12"]

1. e4 c5 2. Ne2 Nc6 3. d4 cxd4 4. Nxd4 Nf6 5. Nc3 d6 6. Be2 a6 7. Be3 e5 8. Nb3
b5 9. O-O Bb7 10. a4 b4 11. Nd5 Rc8 12. Bb6 Qd7 13. Nxf6+ gxf6 14. Bg4 Qe7 15.
Bxc8 Bxc8 16. Qd3 Bb7 17. Rad1 Rg8 18. Nd2 f5 19. Nc4 Nd4 20. f3 fxe4 21. fxe4
f5 22. Nd2 Bh6 23. Bxd4 Bxd2 24. Rxd2 Bxe4 25. Qc4 Qg5 26. Qe6+ Kf8 27. Qxd6+
Kf7 28. Qd7+ Kg6 29. Bxe5 1-0

[Event "5eme Open International de La Fere"]
[Site "La Fere (FRA)"]
[Date "2006.07.12"]
[Round "7.12"]
[White "Cozette, Michael"]
[Black "Trens, Yohan"]
[Result "1/2-1/2"]
[WhiteElo "1997"]
[BlackElo "2021"]
[PlyCount "86"]
[EventDate "2006.07.12"]

1. e4 c5 2. c3 d5 3. exd5 Qxd5 4. d4 cxd4 5. cxd4 Nc6 6. Nf3 e5 7. Nc3 Bb4 8.
Be3 Bxc3+ 9. bxc3 exd4 10. Nxd4 Nf6 11. Qb3 Nxd4 12. cxd4 O-O 13. Qxd5 Nxd5 14.
Bb5 Be6 15. O-O Nc3 16. a4 a6 17. Bd3 Rac8 18. Rfc1 Bd7 19. a5 Bb5 20. Bf1 Bxf1
21. Kxf1 Rfd8 22. Ra3 Nb5 23. Rxc8 Rxc8 24. Rd3 Kf8 25. d5 Ke7 26. Bg5+ f6 27.
Bd2 Rc4 28. Be3 Kd6 29. g3 g5 30. Kg2 Nc3 31. Bd4 Ne4 32. f3 Rc2+ 33. Kg1 Rd2
34. Rxd2 Nxd2 35. Bxf6 Nxf3+ 36. Kg2 g4 37. h3 h5 38. hxg4 hxg4 39. Kf2 Kxd5
40. Ke3 Kc5 41. Kf4 Nh2 42. Bd8 Kb5 43. Bc7 Kc6 1/2-1/2

[Event "5eme Open International de La Fere"]
[Site "La Fere (FRA)"]
[Date "2006.07.12"]
[Round "7.13"]
[White "Chetverik, Maxim"]
[Black "Demeestere, Laurent"]
[Result "1/2-1/2"]
[WhiteElo "2302"]
[BlackElo "1954"]
[PlyCount "176"]
[EventDate "2006.07.12"]

1. d4 Nf6 2. c4 g6 3. Nf3 Bg7 4. g3 O-O 5. Bg2 d5 6. cxd5 Nxd5 7. O-O Nb6 8.
Nc3 Nc6 9. e3 Re8 10. Qe2 e5 11. dxe5 Nxe5 12. Nxe5 Bxe5 13. Rd1 Qe7 14. f4 Bg7
15. e4 Be6 16. Be3 Rad8 17. e5 f6 18. Bxb7 fxe5 19. Bc6 Rxd1+ 20. Rxd1 Rd8 21.
Rxd8+ Qxd8 22. fxe5 Nc4 23. Bxa7 Nxe5 24. Be4 Bc4 25. Qg2 Kh8 26. h3 Nd3 27.
Kh2 Qf6 28. b3 Ba6 29. Na4 Qd6 30. Bxd3 Bxd3 31. Qa8+ Qf8 32. Qxf8+ Bxf8 33.
Kg2 Bb4 34. Bc5 Bd2 35. Bd4+ Kg8 36. Nb2 Ba6 37. Nc4 Bb4 38. Be5 c6 39. Kf3 Kf7
40. Ke4 Ke6 41. a4 Be1 42. g4 Bh4 43. Bf4 Be7 44. g5 Bb4 45. Bc7 Kd7 46. Bg3
Ke6 47. h4 Bc3 48. Bf2 Bg7 49. Bc5 Bc3 50. Ne3 Be1 51. Ng2 Bd2 52. Be3 Bc3 53.
Nf4+ Kd6 54. Nd3 Bc8 55. Bc5+ Ke6 56. b4 Ba6 57. a5 Bb5 58. Nf4+ Kf7 59. Ng2
Ke6 60. Ne3 Ba6 61. Nc2 Bb5 62. Bd4 Bd2 63. Be3 Bc3 64. Nd4+ Bxd4 65. Kxd4 Kd7
66. Bf4 Kc8 67. Ke5 Kb7 68. Kd6 Be2 69. Be3 Bd3 70. Bc5 Be2 71. Ke7 Bd1 72. Kf7
Be2 73. Kg7 Bh5 74. Kxh7 Ka6 75. Kg7 Kb7 76. Kf7 Ka6 77. Ke7 Kb7 78. Kd6 Be2
79. Bf2 Bf3 80. Ke5 Be2 81. a6+ Kxa6 82. Ke6 Bg4+ 83. Ke5 Kb7 84. b5 Bh5 85. b6
Bf3 86. Kd6 Bh5 87. Ke7 Ka6 88. Kd8 Kb7 1/2-1/2

[Event "5eme Open International de La Fere"]
[Site "La Fere (FRA)"]
[Date "2006.07.12"]
[Round "7.14"]
[White "Le Kouaghet, Euwen"]
[Black "Platel, Alexandre"]
[Result "1/2-1/2"]
[WhiteElo "1867"]
[BlackElo "2167"]
[PlyCount "22"]
[EventDate "2006.07.12"]

1. c4 e5 2. Nc3 Nc6 3. d3 g6 4. e4 Bg7 5. g3 Nge7 6. Nge2 d6 7. Bg2 Be6 8. O-O
h5 9. h4 Qd7 10. Nd5 f6 11. Rb1 a5 1/2-1/2

[Event "5eme Open International de La Fere"]
[Site "La Fere (FRA)"]
[Date "2006.07.12"]
[Round "7.15"]
[White "Menneveux, Jerome"]
[Black "Iglesias, Joachim"]
[Result "1-0"]
[WhiteElo "1918"]
[BlackElo "2127"]
[PlyCount "55"]
[EventDate "2006.07.12"]

1. e4 b6 2. d4 Bb7 3. Nc3 e6 4. Bd3 Bb4 5. f4 Nf6 6. Qf3 c5 7. Nge2 c4 8. Bxc4
Bxe4 9. Qg3 Bxc2 10. O-O O-O 11. a3 Bxc3 12. Nxc3 d5 13. Bd3 Bxd3 14. Qxd3 Qc8
15. f5 Qc4 16. Qd1 Nc6 17. Be3 Na5 18. Bg5 Ne4 19. Nxe4 dxe4 20. f6 Nb3 21.
fxg7 Rfc8 22. Qh5 Qxd4+ 23. Rf2 Qxg7 24. Raf1 f5 25. g4 Qg6 26. Qh3 Qxg5 27.
Qxb3 Kf7 28. Rxf5+ 1-0

[Event "5eme Open International de La Fere"]
[Site "La Fere (FRA)"]
[Date "2006.07.12"]
[Round "7.16"]
[White "Wallart, Francois"]
[Black "Ly, Anh-Dao"]
[Result "0-1"]
[WhiteElo "1848"]
[BlackElo "2116"]
[PlyCount "118"]
[EventDate "2006.07.12"]

1. e4 Nf6 2. e5 Nd5 3. c4 Nb6 4. c5 Nd5 5. Bc4 e6 6. d4 d6 7. cxd6 cxd6 8. Nf3
Nc6 9. O-O Be7 10. Re1 O-O 11. Nc3 dxe5 12. Nxe5 Nxe5 13. dxe5 Nxc3 14. bxc3
Qxd1 15. Rxd1 Bc5 16. a4 b6 17. Ba3 Bxa3 18. Rxa3 Bb7 19. a5 Rfc8 20. axb6 axb6
21. Rxa8 Rxa8 22. Bb5 g5 23. f3 Ra5 24. c4 Ba6 25. Bxa6 Rxa6 26. Rd6 Kf8 27.
Kf2 Ke7 28. Rc6 Kd7 29. Rd6+ Kc7 30. Rd4 h5 31. f4 Ra5 32. Kf3 Ra3+ 33. Ke4 g4
34. Rd2 Rc3 35. Kd4 Rc1 36. g3 Rg1 37. Ke4 Rc1 38. Kd3 Kc6 39. Kd4 Ra1 40. Rb2
Ra3 41. Ke4 Rf3 42. Kd4 h4 43. Rg2 h3 44. Rb2 Rf1 45. Ke4 Rg1 46. f5 Rg2 47.
Rb3 Rxh2 48. fxe6 fxe6 49. Kf4 Rg2 50. Rb1 h2 51. Rh1 Kc5 52. Kxg4 Kxc4 53. Kf3
Rc2 54. Rd1 b5 55. g4 Kb3 56. g5 b4 57. Kg4 Ka2 58. g6 Rg2+ 59. Kh5 b3 0-1

[Event "5eme Open International de La Fere"]
[Site "La Fere (FRA)"]
[Date "2006.07.12"]
[Round "7.17"]
[White "Marchal, Jeremy"]
[Black "Hutin, Evgueny"]
[Result "1-0"]
[WhiteElo "2096"]
[BlackElo "1880"]
[PlyCount "63"]
[EventDate "2006.07.12"]

1. e4 c5 2. Nc3 e6 3. d3 Nc6 4. g3 Nf6 5. Bg2 Be7 6. f4 d5 7. e5 Nd7 8. Nce2
Qc7 9. c3 O-O 10. Nf3 b5 11. O-O a5 12. h3 f6 13. d4 f5 14. g4 b4 15. Ng3 Ba6
16. Re1 g6 17. gxf5 gxf5 18. Ng5 Bxg5 19. fxg5 bxc3 20. bxc3 cxd4 21. cxd4 Qb6
22. Ba3 Rfc8 23. Nxf5 exf5 24. Bxd5+ Kg7 25. e6 Nf8 26. Bc5 Qc7 27. Qf3 Ng6 28.
e7 Bb7 29. Rab1 Nh4 30. Qf2 Ng6 31. Rxb7 Qxb7 32. Qxf5 1-0

[Event "5eme Open International de La Fere"]
[Site "La Fere (FRA)"]
[Date "2006.07.12"]
[Round "7.20"]
[White "Casier, Remi"]
[Black "Lebon, Joffrey"]
[Result "1/2-1/2"]
[WhiteElo "1833"]
[BlackElo "1982"]
[PlyCount "44"]
[EventDate "2006.07.12"]

1. d4 Nf6 2. c4 e6 3. Nf3 c5 4. Nc3 cxd4 5. Nxd4 Be7 6. Bf4 a6 7. e3 d6 8. Bg3
O-O 9. Bd3 Re8 10. Qc2 Nbd7 11. Ne4 Nf8 12. O-O Nh5 13. Rae1 e5 14. Ne2 f5 15.
Nxd6 Bxd6 16. Bxf5 Bxf5 17. Qxf5 Nxg3 18. fxg3 Qd7 19. Qf3 Ng6 20. Rd1 Qc7 21.
Qd5+ Kh8 22. Qxd6 Qxc4 1/2-1/2

[Event "5eme Open International de La Fere"]
[Site "La Fere (FRA)"]
[Date "2006.07.12"]
[Round "7.21"]
[White "Bessat, Remy"]
[Black "Lombard, Christophe"]
[Result "1-0"]
[WhiteElo "1974"]
[BlackElo "1880"]
[PlyCount "55"]
[EventDate "2006.07.12"]

1. b4 d5 2. Bb2 Nf6 3. e3 Bf5 4. Nf3 e6 5. a3 a6 6. c4 b6 7. cxd5 Nxd5 8. Be2
Be7 9. O-O Bf6 10. Nc3 Nxc3 11. Bxc3 Bxc3 12. dxc3 Qxd1 13. Rfxd1 O-O 14. Rd4
b5 15. a4 bxa4 16. Rxa4 Bc2 17. Ra3 Bg6 18. b5 Rc8 19. Ne5 Kf8 20. Rc4 Ra7 21.
b6 Rb7 22. Rb3 Bc2 23. Rxc7 Rbxc7 24. bxc7 Nc6 25. Rb6 Ne7 26. Bxa6 Re8 27.
Nd7+ Kg8 28. Rb8 1-0

[Event "5eme Open International de La Fere"]
[Site "La Fere (FRA)"]
[Date "2006.07.12"]
[Round "7.22"]
[White "Nicolas, Aurelien"]
[Black "Bardoux, Thierry"]
[Result "0-1"]
[WhiteElo "1824"]
[BlackElo "2175"]
[PlyCount "98"]
[EventDate "2006.07.12"]

1. e4 c5 2. Nf3 d6 3. d4 cxd4 4. Nxd4 Nf6 5. Nc3 a6 6. Bg5 e6 7. f4 Qc7 8. Bd3
b5 9. f5 b4 10. Nce2 e5 11. Nf3 Nbd7 12. Ng3 Bb7 13. Qe2 Be7 14. Rd1 O-O 15.
O-O Rfe8 16. Bc4 Rac8 17. Bb3 Nc5 18. Nd2 Nxb3 19. cxb3 h6 20. Bxf6 Bxf6 21.
Nh5 Qe7 22. Nc4 Red8 23. Qg4 Kh7 24. Rf3 d5 25. exd5 Bxd5 26. Rfd3 Bxc4 27.
bxc4 Rxd3 28. Rxd3 Qc5+ 29. Kf1 Qxc4 30. Qxc4 Rxc4 31. Nxf6+ gxf6 32. Ke2 Kg7
33. Rd6 a5 34. Rd5 Rc2+ 35. Rd2 Rc5 36. Ke3 h5 37. h4 Rc4 38. g3 Kf8 39. Rd5 a4
40. Rb5 a3 41. bxa3 Rc3+ 42. Kf2 bxa3 43. Rb7 Rc2+ 44. Kf1 Rxa2 45. Ra7 Ra1+
46. Kf2 a2 47. Kg2 e4 48. Ra3 e3 49. Rxe3 Rb1 0-1

[Event "5eme Open International de La Fere"]
[Site "La Fere (FRA)"]
[Date "2006.07.12"]
[Round "7.23"]
[White "Thomas, Olivier"]
[Black "Dagnicourt, Francis"]
[Result "1-0"]
[WhiteElo "2126"]
[BlackElo "1810"]
[PlyCount "85"]
[EventDate "2006.07.12"]

1. e4 Nf6 2. e5 Nd5 3. d4 d6 4. Bc4 Nb6 5. Bb3 Nc6 6. exd6 Qxd6 7. Ne2 Bg4 8.
f3 Bf5 9. Bf4 Qd8 10. Nbc3 e6 11. Qd2 Bb4 12. a3 Be7 13. d5 exd5 14. Nxd5 Nxd5
15. Bxd5 Bd7 16. O-O-O O-O 17. Bxf7+ Rxf7 18. Qxd7 Bd6 19. Qxd8+ Rxd8 20. Bxd6
cxd6 21. Nc3 Ne7 22. Nd5 Nxd5 23. Rxd5 Kf8 24. Rhd1 Rfd7 25. b3 Ke7 26. c4 b6
27. Re1+ Kf6 28. Red1 Ke7 29. Kc2 a6 30. Kd3 Rf8 31. Re1+ Kd8 32. Re6 Kc7 33.
Ke4 g6 34. h4 Rff7 35. h5 Rfe7 36. Rxe7 Rxe7+ 37. Kd3 Re5 38. Rxe5 dxe5 39.
hxg6 hxg6 40. Ke4 Kd6 41. b4 a5 42. g3 axb4 43. axb4 1-0

[Event "5eme Open International de La Fere"]
[Site "La Fere (FRA)"]
[Date "2006.07.12"]
[Round "7.24"]
[White "Hauet, Thomas"]
[Black "Raulet, Alain"]
[Result "1-0"]
[WhiteElo "1830"]
[BlackElo "2040"]
[PlyCount "49"]
[EventDate "2006.07.12"]

1. e4 c5 2. Nf3 e6 3. Nc3 a6 4. d4 cxd4 5. Nxd4 Qc7 6. Bd3 Nf6 7. Be3 Nc6 8.
O-O Be7 9. f4 d6 10. Kh1 Bd7 11. Qf3 O-O 12. Qg3 Rfe8 13. f5 Nxd4 14. Bxd4 e5
15. Be3 Kh8 16. Rad1 Bc6 17. Bg5 b5 18. Qh4 b4 19. Ne2 d5 20. Rf3 dxe4 21. Rh3
Kg8 22. Rg3 exd3 23. Bxf6 dxe2 24. Rxg7+ Kf8 25. Rg8+ 1-0